| 000 | 00872cam a2200301 4500 | ||
|---|---|---|---|
| 001 | J60429 | ||
| 008 | 000000n2000 000 0 eng u | ||
| 035 | _a(Sirsi) u104583 | ||
| 041 | _aeng | ||
| 050 | _a333.33016 | ||
| 110 |
_aInsignia Richard Ellis _93847 |
||
| 245 | _aScottish monthly index. - January - December 2000 | ||
| 260 |
_aLondon _bInsignia Richard Ellis _c2000 |
||
| 300 | _a12pt. ; 30cm. | ||
| 520 | _aUntil February 2000 the company was known as Richard Ellis St. Quintin | ||
| 650 | _aCAPITAL VALUES | ||
| 650 | _aINDUSTRIAL PROPERTY | ||
| 650 | _aOFFICES | ||
| 650 | _aPROPERTY INDICES | ||
| 650 | _aPROPERTY INVESTMENT | ||
| 650 | _aRENTAL VALUES | ||
| 650 | _aSCOTLAND | ||
| 650 | _aSHOPS | ||
| 690 | _aPROPERTY-COMMERCIAL PROPERTY | ||
| 710 |
_aRichard Ellis St. Quintin _93738 |
||
| 710 |
_aRichard Ellis _91875 |
||
| 942 | _n0 | ||
| 999 |
_c100266 _d100266 |
||